<?xml version="1.0" encoding="UTF-8"?>
<marc:record xmlns:marc="http://www.loc.gov/MARC21/slim">
   <marc:leader>00000nam a2200000 a 4500</marc:leader>
   <marc:datafield ind1="1" ind2=" " tag="100">
      <marc:subfield code="a">Tünner, Klara</marc:subfield>
      <marc:subfield code="4">aut</marc:subfield>
      <marc:subfield code="e">Verfasser/-in</marc:subfield>
   </marc:datafield>
   <marc:datafield ind1=" " ind2=" " tag="653">
      <marc:subfield code="a">Lielingstiere</marc:subfield>
   </marc:datafield>
   <marc:datafield ind1=" " ind2=" " tag="653">
      <marc:subfield code="a">Zum Fühlen</marc:subfield>
   </marc:datafield>
   <marc:datafield ind1=" " ind2=" " tag="653">
      <marc:subfield code="a">Tasten und Greifen</marc:subfield>
   </marc:datafield>
   <marc:datafield ind1=" " ind2=" " tag="653">
      <marc:subfield code="a">Stoffklappen</marc:subfield>
   </marc:datafield>
   <marc:datafield ind1=" " ind2=" " tag="653">
      <marc:subfield code="a">Pappbilderbuch ab 12 Monaten</marc:subfield>
   </marc:datafield>
   <marc:datafield ind1=" " ind2=" " tag="653">
      <marc:subfield code="a">Tiere auf dem Bauernhof</marc:subfield>
   </marc:datafield>
   <marc:datafield ind1=" " ind2=" " tag="653">
      <marc:subfield code="a">suchen und finden</marc:subfield>
   </marc:datafield>
   <marc:datafield ind1="0" ind2="0" tag="245">
      <marc:subfield code="a">Wo bist du, kleines Küken?</marc:subfield>
   </marc:datafield>
   <marc:datafield ind1="0" ind2="0" tag="245">
      <marc:subfield code="b">mit großen Fühl-Klappen</marc:subfield>
   </marc:datafield>
   <marc:datafield ind1=" " ind2="1" tag="264">
      <marc:subfield code="a">Ravensburg</marc:subfield>
      <marc:subfield code="b">Ravensburger Verlag GmbH</marc:subfield>
      <marc:subfield code="c">2020</marc:subfield>
   </marc:datafield>
   <marc:datafield ind1="1" ind2=" " tag="520">
      <marc:subfield code="a">Fühlen, Entdecken und Staunen: Mein erstes Filzklappenbuch ##Auf dem Bauernhof gibt es viel zu entdecken! Die Schweine spielen im Matsch und die Kätzchen kuscheln im Stroh. Doch wo ist das kleine Küken? Versteckt es sich vielleicht in der Hundehütte? Oder bei den Schafen im Stall? Bereits kleine Kinderhände öffnen spielend leicht die stabilen, speichelfesten Fühlklappen aus dickem Stoff und finden es heraus. Ein kurzes Frage-Antwort-Spiel weckt dabei die Neugier der Kleinsten und unterstützt spielerisch beim Sprechenlernen. ##Wo hat sich das kleine Küken versteckt? Dieses allererste Stoff-Klappenbuch lädt Kinder ab 12 Monaten ein, es herauszufinden! Auf jeder der fünf Doppelseiten gibt es eine große Klappe aus Stoff, die zum Greifen und Entdecken anregt. Schon die Allerkleinsten öffnen diese Klappen spielend leicht  stabile Materialien und das handliche Buchformat machen es möglich. Dahinter verstecken sich allerlei spannende Bauernhoftiere: Der Hofhund schläft in seiner Hütte. Die Schafe gucken neugierig aus ihrem Stall. Und, nanu, was schlüpft denn da aus dem Ei?  Das kleine Küken! Dieses Pappbilderbuch ist auf die Bedürfnisse kleiner Kinderhände abgestimmt und hält auch energischen Griffen stand. So kann sich die Feinmotorik der Kinder Schritt für Schritt entwickeln. Dank der kompakten Maße passt das Buch zudem in jede Hand- und Wickeltasche, ideal für unterwegs!</marc:subfield>
   </marc:datafield>
   <marc:datafield ind1=" " ind2=" " tag="020">
      <marc:subfield code="a">9783473438709</marc:subfield>
      <marc:subfield code="9">9783473438709</marc:subfield>
   </marc:datafield>
   <marc:datafield ind1=" " ind2=" " tag="041">
      <marc:subfield code="a">ger</marc:subfield>
   </marc:datafield>
   <marc:datafield ind1=" " ind2=" " tag="300">
      <marc:subfield code="a">10 S.</marc:subfield>
   </marc:datafield>
</marc:record>
